000 00784nam a2200205 i 4500
001 189496
003 ES-MaACL
005 20230906223503.0
007 t|
008 190605s1943 sp r ||||1| spa d
100 1 _aEcheverría Ballarín, Ignacio.
_946583
245 1 0 _aTratamiento del "pinus insignis"
_b: espesuras, podas, claras /
_cpor Ignacio Echeverría.
260 _aMadrid :
_bInstituto Forestal de Investigaciones y Experiencias,
_c1943.
300 _a153 p., [2] h. lám. :
_bil. ;
_c24 cm.
490 1 _aInstituto Forestal de Investigaciones y Experiencias ;
_vAño XIV, nº 26
650 4 _aPinos.
_9149815
830 0 _aInstituto Forestal de Investigaciones y Experiencias ;
_vAño XIV, nº 26
_9181435
852 _aES-MaACL
_jP-569-Bis-14
999 _c189496
_d189496